EG (Record no. 78995)

MARC details
000 -LEADER
fixed length control field 00928cab a22002175a 4500
001 - CONTROL NUMBER
control field L138810
008 - FIXED-LENGTH DATA ELEMENTS--GENERAL INFORMATION
fixed length control field 070712e20070707xxko f 000 0 eng d
035 ## - SYSTEM CONTROL NUMBER
System control number (Sirsi) u138810
041 0# - LANGUAGE CODE
Language code of text/sound track or separate title eng
100 1# - MAIN ENTRY--PERSONAL NAME
Personal name Barnard, Lucy
245 00 - TITLE STATEMENT
Title EG
Remainder of title careers
260 ## - PUBLICATION, DISTRIBUTION, ETC.
Date of publication, distribution, etc. 2007
490 ## - SERIES STATEMENT
Series statement Estates Gazette
Volume/sequential designation (0727) 7 July 2007, 107-125(13)
520 ## - SUMMARY, ETC.
Summary, etc. Reports on issues and the benefits to UK surveyors' careers of working abroad. Compares the benefits to career experience of working in small surveying firms over large ones. RICS plans to introduce courses in skills such as relationship management to combat surveyors' perceived lack of people skills. Retired surveyors are often in demand from firms who want to help them improve the skills of younger staff.
590 ## - LOCAL NOTE (RLIN)
Local note KA
651 #4 - SUBJECT ADDED ENTRY--GEOGRAPHIC NAME
Geographic name United Kingdom
Chronological subdivision
690 ## - LOCAL SUBJECT ADDED ENTRY--TOPICAL TERM (OCLC, RLIN)
Topical term or geographic name as entry element CAREERS, EDUCATION AND TRAINING
700 1# - ADDED ENTRY--PERSONAL NAME
Personal name Osborne, Helen
700 1# - ADDED ENTRY--PERSONAL NAME
Personal name Scott, Lucy
942 ## - ADDED ENTRY ELEMENTS (KOHA)
Suppress in OPAC 0
Holdings
Withdrawn status Lost status Source of classification or shelving scheme Damaged status Not for loan Home library Current library Shelving location Date acquired Total Checkouts Full call number Barcode Date last seen Copy number Price effective from Koha item type
    Dewey Decimal Classification     London London Journal article 12/07/2007   L138810 138810-1001 06/08/2019 1 06/08/2019 Journal article